أحكام الوصية والإيصاء في الفقه الإسلامي /
Saved in:
| Main Author: | |
|---|---|
| Other Authors: | |
| Format: | Thesis |
| Language: | Arabic |
| Published: |
al-Yamaniyah :
Jami'at San'a',
2004.
|
| Subjects: | |
| Tags: |
Add Tag
No Tags, Be the first to tag this record!
|
| LEADER | 013400000a22002650004500 | ||
|---|---|---|---|
| 008 | 111103n2004 ua f a 000 0 ara d | ||
| 040 | |a UIAM |b eng | ||
| 041 | |a ara | ||
| 100 | 1 | |a عماد، بشرى علي | |
| 242 | |a Ahkam al-wasiyah wa-al-isa' fi al-fiqh al-Islami. | ||
| 245 | 1 | |a أحكام الوصية والإيصاء في الفقه الإسلامي / |c بشري علي العماد، إشراف حسين الباكري، صادق شائف نعمان | |
| 260 | |a al-Yamaniyah : |b Jami'at San'a', |c 2004. | ||
| 300 | |a xv, 311 leaves ; |c 30 cm. | ||
| 500 | |a "رسالة مقدمة لنيل درجة الماجستير في الفقه الإسلامي"On t.p. | ||
| 502 | |a Thesis (M.A.)--Jami'at Sana'a, 2004. | ||
| 504 | |a Includes bibliographical references (leaves 267-291) and index. | ||
| 596 | |a 1 | ||
| 650 | |a Wills (Islamic law) | ||
| 655 | |a Theses, Facsimile edition (Islamic) | ||
| 700 | |a 'Imad, Bushra 'Ali | ||
| 710 | |a Jami'at San'a'. |b Kulliyat al-Adab.Qism al-Dirasat al-Islamiyah | ||
| 710 | |a جامعة صنعاء. |b كلية الآداب. قسم الدراسات الاسلامية | ||
| 900 | |a arf-ami | ||
| 999 | |c 433399 |d 465839 | ||
| 952 | |0 0 |6 TI BP 000158.5 L2 I31A 2004 |7 0 |8 THESES |9 756727 |a IIUM |b IIUM |c MULTIMEDIA |g 370.00 |o ti BP 158.5 L2 I31A 2004 |p 00011221507 |r 2017-10-23 |t 1 |v 370.00 |y THESIS | ||
